| 000 | 00441nam a22001817a 4500 | ||
|---|---|---|---|
| 003 | OSt | ||
| 005 | 20180116183010.0 | ||
| 008 | 150901b xxu||||| |||| 00| 0 eng d | ||
| 020 | _a0 | ||
| 040 | _c0 | ||
| 082 | _a813.54 ROC 1938 | ||
| 100 | _aBrighton Rock | ||
| 245 |
_aGraham Greene _cBrighton Rock |
||
| 260 |
_aGreat Britain _bPenguin Modern Classics _c1938 |
||
| 300 |
_a249 P. _bPB |
||
| 600 | _aBrighton Rock | ||
| 942 |
_2ddc _cBK |
||
| 999 |
_c350228 _d350228 |
||